书目信息 |
| 题名: |
效率、平等与国家的作用
|
|
| 作者: | 冯杨 著 | |
| 分册: | ||
| 出版信息: | 北京 经济日报出版社 2017 |
|
| 页数: | 222页 | |
| 开本: | 24cm | |
| 丛书名: | ||
| 单 册: | ||
| 中图分类: | F014.9 | |
| 科图分类: | ||
| 主题词: | 经济效率--研究 , 平等(经济学)--研究 | |
| 电子资源: | ||
| ISBN: | 978-7-5196-0120-1 | |
| 000 | 00942nam0 2200253 450 | |
| 001 | 012001005089 | |
| 005 | 20141007141745.0 | |
| 010 | @a978-7-5196-0120-1@b精装@dCNY68.00 | |
| 100 | @a20171018d2017 em y0chiy50 ea | |
| 101 | 0 | @achi |
| 102 | @aCN@b110000 | |
| 105 | @aa z 000yy | |
| 106 | @ar | |
| 200 | 1 | @a效率、平等与国家的作用@9xiao lv 、 ping deng yu guo jia de zuo yong@e三大学派的比较研究@f冯杨著 |
| 210 | @a北京@c经济日报出版社@d2017 | |
| 215 | @a222页@c照片@d24cm | |
| 300 | @a天津哲学社会科学TJJL08-010资助研究成果 | |
| 330 | @a本书比较研究了20世纪最具代表性的奥地利学派经济学、马克思经济学和凯恩斯主义经济学三大流派在这些方面的理论思想及其重大异同,以期为理解当代现实的社会经济问题提供更深更广的思想视野。 | |
| 606 | 0 | @a经济效率@x研究 |
| 606 | 0 | @a平等(经济学)@x研究 |
| 690 | @aF014.9@v5 | |
| 701 | 0 | @a冯杨@9feng yang@c(女,@f1975-)@4著 |
| 801 | 0 | @aCN@b上海新华@c20180901 |
| 905 | @b1172569-73@dF014.9@e559@f5 | |
| 效率、平等与国家的作用:三大学派的比较研究/冯杨著.-北京:经济日报出版社,2017 |
| 222页:照片;24cm |
| 天津哲学社会科学TJJL08-010资助研究成果 |
| ISBN 978-7-5196-0120-1(精装):CNY68.00 |
| 本书比较研究了20世纪最具代表性的奥地利学派经济学、马克思经济学和凯恩斯主义经济学三大流派在这些方面的理论思想及其重大异同,以期为理解当代现实的社会经济问题提供更深更广的思想视野。 |
| ● |
| 相关链接 |
|
|
|
|
正题名:效率、平等与国家的作用
索取号:F014.9/559
 
预约/预借
| 序号 | 登录号 | 条形码 | 馆藏地/架位号 | 状态 | 备注 |
| 1 | 1172569 | 211725695 | 第一样本阅览室/ [索取号:F014.9/559] | 在馆 | |
| 2 | 1172570 | 211725702 | 密集书库-海洋学院/ [索取号:F014.9/559] | 在馆 | |
| 3 | 1172571 | 211725711 | 第一借阅区/ [索取号:F014.9/559] | 在馆 | |
| 4 | 1172572 | 211725720 | 第一借阅区/ [索取号:F014.9/559] | 在馆 | |
| 5 | 1172573 | 211725739 | 第一借阅区/ [索取号:F014.9/559] | 在馆 |